| 000 | 00354 a2200157 4500 | ||
|---|---|---|---|
| 001 | 157258 | ||
| 020 | _a9788502083844 | ||
| 040 | _cEscola São Tomás de Aquino | ||
| 100 | _aMALDONADO, Maria Teresa | ||
| 240 | 1 | 0 |
_aA face oculta _lpor |
| 245 | 1 | 0 | _aA face oculta |
| 300 | _a96 p. | ||
| 362 | 0 | _a2009 | |
| 697 | _a*LITERATURA JUVENIL | ||
| 942 | _cBK | ||
| 999 |
_c157258 _d157258 |
||